| 000 | 00395nam a2200133Ia 4500 | ||
|---|---|---|---|
| 005 | 20260328104334.0 | ||
| 008 | 260328s9999||||xx |||||||||||||| ||und|| | ||
| 100 | _aFernández, David | ||
| 245 | 0 |
_aEnciclopedia de la Construcción.Tomo 8 : _b Acabados y Decoración, Piscinas y Barabacoas / _cDavid Fernández |
|
| 260 | _bEdiciones Daly | ||
| 300 | _a120 p. | ||
| 650 | _aPISCINAS | ||
| 942 | _cBK | ||
| 999 |
_c11837 _d11837 |
||